| 000 | 01169cam a2200301 a 4500 | ||
|---|---|---|---|
| 999 |
_c41536 _d41536 |
||
| 001 | 708745 | ||
| 003 | OSt | ||
| 005 | 20220919152559.0 | ||
| 008 | 970516s1998 nyua b 001 0 eng | ||
| 010 | _a 97021468 | ||
| 020 | _a0321016815 | ||
| 040 |
_aDLC _cDLC _dDLC |
||
| 050 | 0 | 0 |
_aRC454 _b.C275 1998 |
| 082 | 0 | 0 |
_a616.89 _221 _bCAR/A |
| 100 | 1 |
_aCarson, Robert C., _d1930-2006 _99114 |
|
| 245 | 1 | 0 |
_aAbnormal psychology and modern life / _cRobert C. Carson, James N. Butcher, Susan Mineka. |
| 250 | _a10th ed., 1998 update | ||
| 260 |
_aNew York : _bAddison Wesley Longman, _cc1998. |
||
| 300 |
_axxii, 700, [147] p. : _bill. (some col.) ; _c29 cm. |
||
| 504 | _aIncludes bibliographical references and index. | ||
| 650 | 0 | _aPsychiatry. | |
| 650 | 0 | _aPsychology, Pathological. | |
| 700 | 1 |
_aButcher, James Neal, _d1933- |
|
| 700 | 1 | _aMineka, Susan. | |
| 906 |
_a7 _bcbc _corignew _d1 _eocip _f19 _gy-gencatlg |
||
| 942 |
_2ddc _cBK _h616.89 _iCAR/A _k616.89 _mCAR/A |
||